Carbon Trust launched (Record no. 66476)

MARC details
000 -LEADER
fixed length control field 00735cam a2200205 4500
001 - CONTROL NUMBER
control field WB3712-16
008 - FIXED-LENGTH DATA ELEMENTS--GENERAL INFORMATION
fixed length control field 000000n2001 000 0 eng u
035 ## - SYSTEM CONTROL NUMBER
System control number (Sirsi) u111550
245 ## - TITLE STATEMENT
Title Carbon Trust launched
260 ## - PUBLICATION, DISTRIBUTION, ETC.
Date of publication, distribution, etc. 2001
490 ## - SERIES STATEMENT
Series statement DETR News Release
Volume/sequential designation (150) 20 March 2001, (3)
520 ## - SUMMARY, ETC.
Summary, etc. The Deputy Prime Minister has launched the Carbon Trust, which is funded by proceeds from the climate change levy and will provide grants totalling £200m to promote the research, development and use of low carbon technologies.
590 ## - LOCAL NOTE (RLIN)
Local note WB
650 ## - SUBJECT ADDED ENTRY--TOPICAL TERM
Topical term or geographic name entry element CARBON TRUST
650 ## - SUBJECT ADDED ENTRY--TOPICAL TERM
Topical term or geographic name entry element CLIMATE CHANGE LEVY
650 ## - SUBJECT ADDED ENTRY--TOPICAL TERM
Topical term or geographic name entry element ENERGY EFFICIENCY
650 ## - SUBJECT ADDED ENTRY--TOPICAL TERM
Topical term or geographic name entry element LOW CARBON TECHNOLOGIES
690 ## - LOCAL SUBJECT ADDED ENTRY--TOPICAL TERM (OCLC, RLIN)
Topical term or geographic name as entry element Environment
9 (RLIN) 6238
942 ## - ADDED ENTRY ELEMENTS (KOHA)
Suppress in OPAC 0
Holdings
Withdrawn status Lost status Source of classification or shelving scheme Damaged status Not for loan Home library Current library Shelving location Date acquired Total Checkouts Full call number Barcode Date last seen Copy number Price effective from Koha item type
    Dewey Decimal Classification     London London News article 21/03/2001   WB3712-16 111550-1001 06/08/2019 1 06/08/2019 News article